Aman / (Record no. 44936)

MARC details
000 -LEADER
fixed length control field 01391nji a22002657a 4500
005 - DATE AND TIME OF LATEST TRANSACTION
control field 20100909161739.0
006 - FIXED-LENGTH DATA ELEMENTS--ADDITIONAL MATERIAL CHARACTERISTICS--GENERAL INFORMATION
fixed length control field a|||||r|||||00| 0
007 - PHYSICAL DESCRIPTION FIXED FIELD--GENERAL INFORMATION
fixed length control field sd ammalaaahaa
008 - FIXED-LENGTH DATA ELEMENTS--GENERAL INFORMATION
fixed length control field 100830t xxu||||| |||| 00| 0 eng d
028 ## - PUBLISHER NUMBER
Publisher number N 55009
Source His Master's Voice
035 ## - SYSTEM CONTROL NUMBER
System control number GR-01651
040 ## - CATALOGING SOURCE
Original cataloging agency SED
Transcribing agency SED
100 ## - MAIN ENTRY--PERSONAL NAME
9 (RLIN) 17455
Personal name Mohd. Rafi
245 ## - TITLE STATEMENT
Title Aman /
Statement of responsibility, etc by Lata Mangeshkar ; music by Sannkar Jaikishan; lyrics by Hasrat Jaipuri
Medium [sound recording] :
246 ## - VARYING FORM OF TITLE
Title proper/short title अमन
260 ## - PUBLICATION, DISTRIBUTION, ETC. (IMPRINT)
Place of publication, distribution, etc Dum Dum, India
Name of publisher, distributor, etc His Master's Voice
Date of publication, distribution, etc 1967
300 ## - PHYSICAL DESCRIPTION
Extent 1 sound disc [Gramophone Recording]:
Other physical details analog, 33 1/3 rpm
Dimensions 9.5 in. (MP)
Type of unit Gramophone Record
500 ## - GENERAL NOTE
General note Brief Record
505 ## - FORMATTED CONTENTS NOTE
Formatted contents note Side-१ एसुरु एसुरु मेरा वतन है जापान (Esuru Esuru mera vatan hai Japan) (Mohd. Rafi) --Side-२ सुराहीदार गर्दन (Surrahidaar gardan) (Mohd. Rafi)
650 ## - SUBJECT ADDED ENTRY--TOPICAL TERM
Topical term or geographic name as entry element Classical music
Geographic subdivision India
9 (RLIN) 1186
General subdivision Excerpts
700 ## - ADDED ENTRY--PERSONAL NAME
Personal name Jaikishan, Shankar
9 (RLIN) 19262
700 ## - ADDED ENTRY--PERSONAL NAME
9 (RLIN) 19047
Personal name Jaipuri, Hasrat
942 ## - ADDED ENTRY ELEMENTS (KOHA)
Source of classification or shelving scheme Dewey Decimal Classification
Item type Gramaphone Records
Holdings
Withdrawn status Lost status Source of classification or shelving scheme Damaged status Not for loan Collection code Home library Current library Date acquired Source of acquisition Total Checkouts Barcode Date last seen Copy number Price effective from Koha item type
    Dewey Decimal Classification   Not For Loan Non-fiction Central Library Central Library 09/09/2010 SED/VEN   GR-01651 09/09/2010 1 09/09/2010 Gramaphone Records

© Delhi Public Library
Hit Counter
free hit counter